Dirigeantes politiques françaises - Statistiques

Statistiques générales
  • Ce quiz a été pris 173 fois
    56 depuis la dernière actualisation
  • Le résultat moyen est 9 sur 19
Statistiques - réponses
Nom % Correct
Élisabeth Borne
98%
Anne Hidalgo
96%
Édith Cresson
94%
Marine Le Pen
92%
Ségolène Royal
90%
Simone Veil
90%
Yaël Braun-Pivet
80%
Arlette Laguiller
55%
Michèle Alliot-Marie
49%
Christine Lagarde
45%
Élisabeth Guigou
31%
Irène Joliot-Curie
27%
Françoise Giroud
22%
Marie Cau
20%
Catherine Trautmann
18%
Évelyne Baylet
6%
Cécile Brunschvicg
4%
Germaine Poinso-Chapuis
4%
Suzanne Lacore
4%
Aucun quiz correspondant
Distribution des résultats
% des personnes avec chaque résultat
Percentile par nombre de réponses
Votre historique - résultats
Vous n’avez pas pris ce quiz depuis la dernière actualisation